| 000 | 00822nam a2200229 a 4500 | ||
|---|---|---|---|
| 001 | 53488 | ||
| 003 | BD-RjUL | ||
| 005 | 20211209075953.0 | ||
| 008 | 161016s1985 bg ||||| |||| 00| 0 ben d | ||
| 020 | _c: TK 90.00 | ||
| 035 | _a(BD-RjUL)53609 | ||
| 040 |
_aBD-RjUL _bben _cBD-RjUL |
||
| 041 | _aben | ||
| 082 |
_223 _a576.82 _bKAA 1985 |
||
| 100 |
_aকালাম, মোহাম্মদ আবুল _9159902 |
||
| 245 | 1 | 0 |
_aঅভিব্যক্তি বিজ্ঞান / _cমোহাম্মদ আবুল কালাম |
| 260 |
_aঢাকা : _bবাংলা একাডেমী, _c১৯৮৫ |
||
| 300 |
_a৩৫৫ পৃ. : _bচিত্র ; _c২১ সেমি. |
||
| 650 |
_aঅভিব্যক্তি _9159903 |
||
| 650 |
_aEvolution _9159904 |
||
| 942 |
_2ddc _cBK |
||
| 999 |
_c53488 _d53488 |
||